000
00222 a2200097 4500
001
47769
100
_a
Frost R
245
_a
Introduction to knowledge base systems
260
_a
London
_b
Collins
_c
090
_c
30771
_d
30771
942
_a
NUST-CAE
_c
M
_c
23082
999
_c
282842
_d
282842